000
00351nam a2200157Ia 4500
008
230605s2006 xx 000 0 und d
041
_a
eng
100
_a
Dix
245
_a
Front office operation
260
_b
Pearson Education Pub.
_c
2006
_c
2006
300
_a
218
365
_b
120
_h
20
500
_a
1579
520
_a
General
650
_a
F.O.
999
_c
418321
_d
418321